Nhóm sử thi Giông Bahnar
Trình bày đặc điểm nhóm sử thi dân tộc Bahnar, nhóm sử thi Giông Bahnar, ngôn ngữ nhóm sử thi Giông Bahnar. Một số truyệnc ổ tíc và sử thi Bahnar
Gorde:
| Egile nagusia: | |
|---|---|
| Formatua: | Liburua |
| Hizkuntza: | Undetermined |
| Argitaratua: |
Hà Nội
Lao động
2012
|
| Gaiak: | |
| Etiketak: |
Etiketa erantsi
Etiketarik gabe, Izan zaitez lehena erregistro honi etiketa jartzen!
|
| Thư viện lưu trữ: | Trung tâm Học liệu Trường Đại học Cần Thơ |
|---|
| LEADER | 00766nam a2200193Ia 4500 | ||
|---|---|---|---|
| 001 | CTU_179634 | ||
| 008 | 210402s9999 xx 000 0 und d | ||
| 082 | |a 398.209597 | ||
| 082 | |b H455 | ||
| 100 | |a Phan, Thị Hồng | ||
| 245 | 0 | |a Nhóm sử thi Giông Bahnar | |
| 245 | 0 | |c Phan Thị Hồng | |
| 260 | |a Hà Nội | ||
| 260 | |b Lao động | ||
| 260 | |c 2012 | ||
| 520 | |a Trình bày đặc điểm nhóm sử thi dân tộc Bahnar, nhóm sử thi Giông Bahnar, ngôn ngữ nhóm sử thi Giông Bahnar. Một số truyệnc ổ tíc và sử thi Bahnar | ||
| 650 | |a Bahnarian folk literature,Văn học dân gian Bahnar | ||
| 910 | |a Nguyên | ||
| 980 | |a Trung tâm Học liệu Trường Đại học Cần Thơ | ||